Paris en Décembre 1851 (Record no. 166133)

MARC details
000 -LEADER
campo de control de longitud fija 00603nam a22001695i 4500
001 - NÚMERO DE CONTROL
campo de control 166133
003 - IDENTIFICADOR DE NÚMERO DE CONTROL
campo de control ES-MaACL
005 - FECHA Y HORA DE LA ÚLTIMA TRANSACCIÓN
campo de control 20230906213254.0
008 - DATOS DE LONGITUD FIJA--INFORMACIÓN GENERAL
campo de control de longitud fija 050908s1868 fr | |||||||| ||fre d
040 ## - FUENTE DE CATALOGACIÓN
Centro catalogador/agencia de origen CAM
Lengua de catalogación spa
Centro/agencia transcriptor CAM
100 1# - ENTRADA PRINCIPAL--NOMBRE DE PERSONA
Nombre de persona Ténot, Eugène.
9 (RLIN) 133430
245 10 - MENCIÓN DEL TÍTULO
Título Paris en Décembre 1851
Resto del título : étude historique sur le coup d'état /
Mención de responsabilidad, etc. par Eugène Ténot.
250 ## - MENCION DE EDICION
Mención de edición 2e éd.
260 ## - PUBLICACIÓN, DISTRIBUCIÓN, ETC.
Lugar de publicación, distribución, etc. Paris :
Nombre del editor, distribuidor, etc. Armand Le Chevalier, éditeur,
Fecha de publicación, distribución, etc. 1868 (
Fabricante Imprimerie Emile Voitelain et C.)
300 ## - DESCRIPCIÓN FÍSICA
Extensión IX, 302 p. ;
Dimensiones 23 cm.
852 ## - LOCALIZACIÓN
Ubicación ES-MaACL
Número de control de estantería G-6221
Nota libre -- Sin enc.
-- -- Legado de Modesto de la Fuente
Holdings
Estatus retirado Estado de pérdida Estado de daño No para préstamo Colección Biblioteca de origen Biblioteca actual Ubicación en estantería Fecha de adquisición Fuente de adquisición Total de préstamos Signatura topográfica completa Código de barras Visto por última vez Precio de reemplazo Tipo de ítem Koha
        Libros del s. XIX Biblioteca del Ateneo de Madrid Biblioteca del Ateneo de Madrid Depósito 2 17/01/2008     G-6221 1174229 23/02/2023 23/02/2023 Libro impreso antiguo